• 首页
  • 本馆介绍
  • 公告通知
  • 最新文献
  • 馆藏检索
  • 电子资源
  • 读者导购
  • 参考咨询
  • 我的图书馆
  • 登录
  • 详细信息显示
  • 放入我的书架
  • 预约/预借图书
  • 作者相关作品
  • 分类相关作品
  • 丛书相关作品
  • 出版社相关作品

书目信息

  • 表格格式
  • 工作单格式
  • 卡片格式
题名:
广播电视英语讲座
    
 
作者: ;陈琳 审订 ;中央广播电视大学英语组 编
分册: 第四册  
出版信息: 北京   外语教学与研究出版社  1981
页数: 114页
开本: 19cm
丛书名:
单 册:
中图分类: H31
科图分类:
主题词: 英语
电子资源:
ISBN:
000 00793nam0 2200253 45
001 0181006083
005 20060816164342.26
010    @dCNY0.36
091    @a9215.178
100    @a19950120d1981 em y0chiy0121 ea
101 0  @aeng
102    @aCN@b110000
105    @ay z 000yy
200 10 @a广播电视英语讲座@Aguang bo dian shi ying yu jiang zuo@e辅导材料@EFu Dao Cai Liao@h第四册@f中央广播电视大学英语组编@FZhong Yang Guang Bo Dian Shi Da Xue Ying Yu Zu Bian@g陈琳审订
210    @a北京@c外语教学与研究出版社@d1981
215    @a114页@d19cm
517    @a辅导材料
606    @a英语
690    @aH31@v3
702  0 @a陈琳@AChen Lin@4审订
711 02 @a中央广播电视大学英语组@4编
801  0 @aCN@b上海图书馆@c20060816
801  2 @aCN@bNLC@c20060727
905    @dH31@e10:4(+)@f1@b126877
    
    广播电视英语讲座:辅导材料.第四册/中央广播电视大学英语组编/陈琳审订.-北京:外语教学与研究出版社,1981
    114页;19cm
    
    
    ISBN :CNY0.36
    
●
相关链接 在E读中查询图书 在五车中查询图书 在当当中查询图书 在豆瓣中查询图书


正题名:广播电视英语讲座     索取号:H31/10:4(+)         预约/预借

序号 登录号 条形码 馆藏地/架位号 状态 备注
1 0126873   000862533   第四借阅区/ [索取号:H31/10:4(+)] 在馆    
2 0126874   000862338   第四借阅区/ [索取号:H31/10:4(+)] 在馆    
3 0126875   000862258   第四借阅区/ [索取号:H31/10:4(+)] 在馆    
4 0126876   000862294   第四借阅区/ [索取号:H31/10:4(+)] 在馆    
5 0126877   000862454   第四借阅区/ [索取号:H31/10:4(+)] 在馆    
6 0160469   000862374   第四借阅区/ [索取号:H31/10:4(+)] 在馆    
7 0160470   000862267   第四借阅区/ [索取号:H31/10:4(+)] 在馆    
8 0160471   000862187   第四借阅区/ [索取号:H31/10:4(+)] 在馆    
9 0160472   000862301   第四借阅区/ [索取号:H31/10:4(+)] 在馆    
10 0160473   000862427   第二样本阅览室/ [索取号:H31/10:4(+)] 在馆    
11 0434709   204347091   密集书库/ [索取号:H31/10:4(+)] 在馆    
12 0434710   204347108   密集书库/ [索取号:H31/10:4(+)] 在馆    
13 0434711   204347117   密集书库/ [索取号:H31/10:4(+)] 在馆    
14 0434712   204347126   密集书库/ [索取号:H31/10:4(+)] 在馆    
15 0434713   204347135   密集书库/ [索取号:H31/10:4(+)] 在馆    
16 0434714   204347144   密集书库/ [索取号:H31/10:4(+)] 在馆    
17 0434715   204347153   密集书库/ [索取号:H31/10:4(+)] 在馆    
18 0434716   204347162   密集书库/ [索取号:H31/10:4(+)] 在馆    
19 0435494   204354947   密集书库/ [索取号:H31/10:4(+)] 在馆    
20 0435495   204354956   密集书库/ [索取号:H31/10:4(+)] 在馆    
21 0436831   204368317   密集书库/ [索取号:H31/10:4(+)] 在馆    
22 0465914   204659146   密集书库/ [索取号:H31/10:4(+)] 在馆    
23 0465915   204659155   密集书库/ [索取号:H31/10:4(+)] 在馆    
唐山师范学院图书馆 欢迎您!
大连网信软件有限公司© 版权所有